[Event "Candidates Tournament"]
[Site "Khanty-Mansiysk"]
[Date "2014.03.21"]
[Round "7"]
[White "Kramnik, Vladimir"]
[Black "Mamedyarov, Shakhriyar"]
[Result "1-0"]
[WhiteElo "2787"]
[BlackElo "2757"]
[Annotator "Ftacnik,L"]
[PlyCount "107"]
[EventDate "2014.03.13"]
[EventType "tourn"]
[EventRounds "14"]
[EventCountry "RUS"]
[EventCategory "21"]
[SourceTitle "CBM 160"]
[Source "ChessBase"]
[SourceDate "2014.05.15"]
[SourceVersion "1"]
[SourceVersionDate "2014.05.15"]
[SourceQuality "1"]

1. d4 Nf6 2. c4 e6 3. Nf3 d5 4. Nc3 Bb4 5. cxd5 exd5 6. Bg5 Nbd7 7. Qc2 c5 8.
e3 Qa5 9. Bd3 c4 10. Bf5 O-O 11. O-O Re8 12. Nd2 g6 13. Bxd7 Nxd7 14. h4 {
White is preparing activity on the kingside and at the same time protecting
his bishop on g5.} (14. f3) (14. Rae1) 14... b5 {The most popular move in this
critical position seems to be 14...Nb6. Mamedyarov is unhappy that the pawns
of the queenside would lose mobility, on the other hand the bishop c8 could
become more active.} (14... Nb6 15. f3 (15. Nb3 Qa6 16. Nc5 Qa5 17. a4 (17. Nb3
Qa6 18. Nc5 Qa5 19. Nb3 {1/2-1/2ќ Orsag,M-Sosonko,G/Aaland-Stockholm 1997/ (19)
}) (17. e4 $5) 17... Bf5 18. e4 (18. Qd1 Bxc5 19. dxc5 Qxc5 20. a5 Nd7 21. Qxd5
Qxd5 22. Nxd5 Bd3 $13) 18... dxe4 (18... Bxe4 $5 19. N3xe4 dxe4 20. Nxe4 Nd5
$15) 19. Nxb7 Qa6 20. Nc5 Qc8 (20... Bxc5 21. dxc5 e3 22. Qc1 Nd7 23. Bxe3 Qc6
24. Nb5 Bd3 25. Rd1 Re4 $132) 21. Qe2 a5 $6 (21... Bxc5 22. dxc5 Qxc5 23. g4
Bc8 24. Nxe4 Nd7 $13) 22. N5xe4 Nd7 (22... Bxe4 23. Nxe4 Nd5 $44) 23. f3 Qc6
24. Qf2 $14 {1/2 (42) Kempinski,R (2587)-Tischbierek,R (2523) Germany 2002/} (
24. Rac1)) (15. e4 Bxc3 16. bxc3 dxe4 17. Nxe4 Nd5 18. Nf6+ Nxf6 19. Bxf6 Bf5
20. Qd2 Re6 21. Bg5 f6 22. Bh6 Qd5 {1/2-1/2 Cvitan,O-Palac,M/Pula 1993/EXT 99 
(35)}) 15... Bf8 (15... Bxc3 16. bxc3 Qa4 (16... Na4 17. Rac1 (17. Rfc1 Bd7 18.
e4 Re6 19. Rab1 Nb6 20. Rb4 Rae8 21. e5 Na4 22. Nf1 Rb6 23. a3 $14 {1-0 (33)
Malakhatko,V (2612)-Paehtz,E (2481) Dresden 2008}) 17... Bd7 18. e4 f5 19. Rfe1
Rac8 20. Nf1 dxe4 21. fxe4 fxe4 22. Rxe4 Bf5 23. Rxe8+ Rxe8 24. Qd2 Qb5 25. Ne3
$16 {Dautov,R-Tischbierek,R/Bad Mergentheim/1991/}) (16... Bd7 17. e4 f5 18.
Rfe1 $6 (18. e5 $16) 18... Qa4 19. Qc1 dxe4 $1 20. fxe4 Qc6 21. e5 Nd5 $10 {
Dautov,R-Winants,L/Belgique/1992/}) 17. Qc1 $6 (17. Qb1 Qa3 18. Rc1 Bd7 19. e4
Rac8 20. Nf1 dxe4 21. fxe4 f5 22. e5 Nd5 23. Qc2 f4 24. Qf2 b5 25. h5 Re6 26.
Qf3 Bc6 27. Nd2 {1-0 Pinter,J-Greenfeld,A/Beersheba/1991/ (51)}) 17... Bf5 $1
18. Re1 Qc6 (18... Qc2 19. e4 $14) 19. Nf1 Na4 20. Ng3 Bd3 21. Nh1 Kg7 22. Nf2
f6 23. Bf4 h6 (23... Bf5 24. e4 (24. g4 Bd3 25. Qd2 Rac8) 24... dxe4 25. g4 e3
26. Rxe3 Bd3 27. Qd2) 24. Qa3 g5 {1-0 (58) Sokolov,I (2665)-Sosonko,G (2515)
Amsterdam 1996/}) (15... f6 16. Bf4 (16. Bh6 $5 Bd7 17. h5 $36) 16... Bd7 17.
a3 $142 (17. Rae1 Bxc3 (17... Ba4 $1 18. Qc1 Bc6 19. e4 Na4 $1 $132 {/\} 20.
Re3 $140 $2 Qb6) 18. bxc3 Na4 19. Nb1 f5 20. h5 $40) (17. e4 $6 Ba4 $1 18. Qc1
Bc6 19. Re1 (19. exd5 Bxc3 20. dxc6 Bxd4+ 21. Kh1 bxc6 22. Nxc4 Qh5 $10) (19.
e5 $2 Na4 20. Nxa4 fxe5 $1 21. a3 Bxd2 22. Bxd2 Qxa4 23. dxe5 d4 $36) 19... Na4
$1 20. Nxa4 (20. exd5 $5 Rxe1+ 21. Qxe1 Bxd5 22. Nde4 Nxc3 23. bxc3 Be7 $10)
20... Qxa4 21. e5 Ba5 $1 22. exf6 Bb6 23. Qc3 Ba5 {˝-˝ Dautov,R-Lutz,C/BL
9192/1992/'}) 17... Bxc3 18. bxc3 Ba4 19. Qc1 Bc6 20. Ra2 Re6 21. Re1 $14) (
15... Bd7 16. e4 (16. Rae1 Na4 17. Ndb1 Re6 18. e4 Nxc3 19. bxc3 Bf8 20. exd5
Qxd5 21. Rxe6 Qxe6 22. Nd2 f5 23. Qb1 Qd5 24. Re1 Re8 25. Rxe8 Bxe8 26. Qe1 {
Dizdar,G-Kovacevic,Vlad/Makarska/1993/0-1 (56)}) 16... Bc6 17. Rae1 Re6 18. e5
Bd7 19. g4 Rc6 20. Re2 Re8 21. Rg2 Nc8 22. f4 Ra6 23. Nf3 h5 24. f5 hxg4 25. e6
{1-0 Yrjola,J-Siklosi,Z/HUN-ch op Eger/1987 (34)}) 16. e4 Bg7 17. Be3 (17. exd5
Bf5 18. Nde4 Nxd5 19. Qf2 Nxc3 20. bxc3 Qa6 21. Rae1 h6 22. Bf4 Rad8 23. Re3
Qc6 24. Rfe1 {1/2-1/2 Ftacnik,L-Winants,L (03)/Tilburg1.29 (30')/1992/ (35)})
17... Be6 18. a4 Bd7 19. h5 Rac8 20. Rfe1 Bc6 21. hxg6 hxg6 22. e5 Na8 23. Nf1
Nc7 24. f4 Bd7 25. Ng3 {1-0 (44) Cheparinov,I (2670)-Mamedyarov,S (2752)
Khanty-Mansiysk 2007}) (14... f6 15. Bf4 (15. Bh6 Bxc3 16. bxc3 Nb6 17. f3 Qa4
18. Qc1 Bd7 19. e4 Re6 20. Re1 Rae8 21. Re3 Bc6 22. Qf1 Qc2 23. Qf2 Na4 24.
Rae1 Nxc3 25. exd5 Rxe3 26. Rxe3 Nxd5 27. Rxe8+ Bxe8 28. Qe1 {1/2 (30)
Tregubov,P (2647)-Iotov,V (2556) Manama 2009}) 15... Bxc3 16. bxc3 Nb6 17. f3
Qa4 18. Qb2 Bf5 19. Rfe1 Qc6 20. Qa3 Bd3 21. Qxa7 {1/2 (21) Malakhatko,V (2569)
-Aleksandrov,A (2639) Kolkata 2009}) (14... Bf8 15. e4 h6 16. Be3 dxe4 17. Nxc4
Qh5 18. Nxe4 Qxh4 19. f3 a5 20. Bf2 Qd8 21. d5 Ra6 22. a4 f5 23. Nc3 Nf6 24.
Rfe1 Bb4 25. Rxe8+ Nxe8 26. Rd1 $14 {1-0 (53) Romanov,E (2547)-Aleksandrov,A 
(2582) Dagomys 2008}) 15. a4 {There are hardly any examples played with the
slightly unusual move 14...b5. Kramnik decides to undermine the pawn structure
right away.} (15. a3 Bxc3 16. bxc3 Nb6 17. f3 Na4 18. Rac1 Nb6 19. Ra1 Na4 20.
Rac1 f6 21. Bf4 Qd8 22. e4 $11 {0-1 (62) Lekic,D (2390)-Mikhalevski,V (2608)
Budva 2009}) 15... Bxc3 (15... Bb7 16. axb5 Qb6 17. b3 $16) 16. bxc3 b4 17.
cxb4 Qxb4 18. Nb1 (18. Rfb1 Qd6 19. Qc3 Rb8 20. Rxb8 Qxb8 21. Bf4 Qa8 22. e4
Nf6 23. Be5 Ng4 24. Bg3 Bb7 $11) 18... Qd6 {Mamedyarov is a great player in
positions with tactical content. A pure strategic fight leaves him a bit
restless as he has little chances to demonstrate the small miracles he can
achieve with the pieces.} (18... Bb7 $5 19. Nc3 Bc6 20. e4 Qd6 21. Rfe1 Rac8
$11) 19. Nc3 Qc6 (19... Nf8 20. Bf4 Qc6 21. Qb2 Ne6 22. Bh2 $14) 20. Rfb1 Ba6
21. Qd1 (21. Qe2 f6 22. Bh6 (22. Bf4 Nf8 23. Qf3 Rad8) 22... Rad8 (22... Rab8
23. Qf3 Rxb1+ 24. Rxb1 Bb7 25. Nxd5 Ba8 26. e4 f5 27. Qc3 Rxe4 28. f3 Re6 29.
Ne3 $16) 23. Qf3 Nb6 24. Bf4 $14) 21... f6 22. Bf4 Rad8 23. Qf3 Nf8 24. Bh6 {
The former world champion was quite satisfied with his achievements as his
opponent is reduced to passive play. Objectively speaking it is not so easy
for White to make real progress.} Kf7 (24... Rd7 25. Rb4 Kf7 26. Rd1 $14) 25.
Rb2 Ne6 26. Rab1 (26. Rd1 Ng7 27. g4 Kg8 28. Rdb1 $14) 26... Ng7 27. g4 {
Kramnik was unhappy about this ambitious advance that tries to limit Black's
possibilities. Pawns in front of the white king become exposed. which may
prove to be critical in the event of the opening of the position.} Kg8 28. Qf4
(28. a5 Rf8 29. Qg2 $14) 28... Kf7 (28... Qd7 29. Qf3 Qf7 $11) 29. e4 $6 {
It seems that White is not able to improve his pieces any more so he decides
to start the war. In a complicated tactical fight chances will be shared by
both players especially after the clever 31st black move.} (29. Rb5 $5 Bxb5 30.
axb5 Qb7 $15) (29. Bxg7 Kxg7 30. Rb8 (30. e4 dxe4 31. d5 Qd6 $15) 30... Qe6 $11
) (29. Qf3 $14) 29... Ne6 30. exd5 (30. Qe3 Nc5 $1 31. exd5 Qd7 32. Qf3 Nd3 33.
Re2 Rxe2 34. Qxe2 Bc8 35. f3 f5 $11) 30... Nxf4 31. dxc6 g5 $5 {[%mdl 64] The
ambitions of Kramnik were marred by the shock as the bishop on h6 will have to
fear for its life.} (31... Rxd4 32. Rb7+ Bxb7 33. cxb7 Rb8 34. Nb5 Ne6 35. Nxd4
Nxd4 36. a5 a6 37. Rb6 c3 $11) 32. hxg5 fxg5 33. c7 {Numerous attractive ideas
had to be judged against each other under the conditions of a ticking clock
and very complicated positions that defy clear evaluation.} (33. Rb7+ $1 Bxb7
34. Rxb7+ Kg6 (34... Ke6 35. Kh2 Rg8 36. c7 Rc8 37. Rxa7 $11) 35. Bg7 Ne2+ 36.
Nxe2 Rxe2 37. Kf1 $5 Re4 38. Be5 $11) (33. Nb5 Re6 (33... c3 34. Nxc3 Kg6 35.
c7 Rxd4 36. Nb5 Rxa4 37. Nxa7 Kxh6 38. Rb8 Re7 39. R8b6+ Ng6 40. Rc1 $11) 34.
c7 Rc8 35. Bxg5 Nh3+ 36. Kg2 Nxg5 37. d5 Rg6 38. d6 Bxb5 39. Rxb5 Rxd6 40. Rxg5
Rxc7 41. Rh5 Kg7 42. Rg5+ $11) 33... Rd6 34. Bxg5 Nh3+ 35. Kg2 Nxg5 36. d5 Bc8
(36... Rf6 37. Rb8 Bc8) 37. Rb8 Rf6 {Kramnik has felt that serious counterplay
with passed pawns should be enough for equality, but even shortly before the
time control the situation remains exceptionally messy. It is much easier to
claim after the game that White had at least two ways to keep full equality
with 38.Nb5 or 38.Rf1. In any case the rook move is rather unfortunate, as the
chances have much improved for Mamedyarov.} 38. Ra8 $2 (38. Re1 $2 Rxe1 39.
Rxc8 Nf3 $1 40. Rf8+ $1 Kxf8 41. c8=Q+ Kg7 42. Qc7+ Kh6 $1 43. Qxa7 (43. Kg3
Rg1+ 44. Kh3 Ng5+ 45. Kh4 Rh1+ 46. Kg3 Rf1 $15) (43. Qc5 Rg1+ 44. Kh3 Ng5+ 45.
Kh2 Rxg4 $17) 43... Rg1+ 44. Kh3 Ng5+ 45. Kh4 Rh1+ 46. Kg3 Rh3+ 47. Kg2 Rxc3
48. f4 Rc2+ 49. Kg3 Ne4+ 50. Kf3 Nd2+ 51. Ke2 Rxf4 52. Kd1 $15) (38. Rf1 $5 Rf8
(38... Nf3 39. Rh1 Ng5 40. Rf1) 39. f4 Ke7 40. Re1+ Kd7 41. fxg5 Rf2+ 42. Kg1
Kxc7 43. Rb5 R2f4 44. Ne4 Rxg4+ 45. Kh2 Rh4+ 46. Kg3 Rg4+ 47. Kh2 $11) (38. Nb5
Bxg4 39. Rxe8 Kxe8 40. Nxa7 Bh3+ 41. Kg3 Rf3+ 42. Kh4 h6 43. Rb8+ Ke7 44. c8=Q
Bxc8 45. Rxc8 Kd6 46. Rxc4 Kxd5 47. Rc8 $11) 38... Rf4 $1 39. f3 $1 (39. Nb5
Rxg4+ 40. Kf1 Ne4 41. f3 Rf4 42. Rxc8 Rxc8 43. Ke2 Ng3+ 44. Kf2 Nf5 45. Re1 Kf8
46. d6 Nxd6 47. Nxd6 Rxc7 $19) 39... Rxf3 {The sensible tradition of judging
the choices made under time pressure with greater leniency has to be applied
also for the last black move. It was not possible to get more than a slight
advantage with 39...Nf3, but the situation would have been unpleasant for the
adversary.} (39... Nxf3 $1 40. Rxc8 $1 (40. Kg3 Rxg4+ 41. Kxf3 Rg6 42. Rxc8
Rf6+ 43. Kg4 Rxc8 44. Rb7 Ke7 $17) 40... Rxc8 41. Nb5 Ke7 (41... Rg8 42. c8=Q (
42. Nd6+ Kf6 43. Rb8 Ne1+ 44. Kh3 Rfxg4 45. Ne8+ Ke5 46. c8=Q Rg3+ $19) 42...
Rxc8 43. Nd6+ Kf6 44. Nxc8 Nd2 $15) 42. d6+ Kd7 43. Nxa7 Rg8 44. c8=Q+ Rxc8 45.
Rb7+ Kd8 46. Nxc8 Kxc8 47. Rc7+ Kd8 48. a5 Ng5 49. a6 c3 50. Rxc3 Ra4 $15) 40.
d6 $2 {In a great tradition of celebrated omissions on the 40th move Kramnik
makes a mistake, that will push him closer to disaster.} (40. Rbb8 $1 Rxc3 (
40... Bxg4 41. Rxe8 Rxc3 42. c8=Q Rc2+ 43. Kg3 Bxc8 44. Rexc8 $18) 41. Rxc8
Rc2+ 42. Kg3 Rc3+ 43. Kg2 (43. Kf4 $2 Nh3+ 44. Kf5 Rf3#) 43... Rc2+ $11) 40...
Bxg4 41. Rxe8 Kxe8 42. Rb8+ Kf7 43. Rd8 (43. Nd1 Bh3+ 44. Kh2 Bd7 45. c8=Q Bxc8
46. Rxc8 Rd3 47. Nf2 Rd4 48. d7 Ne6 $17) 43... Bh3+ 44. Kh2 Rxc3 45. d7 (45.
c8=Q $2 Bxc8 46. Rxc8 Ke6 $19) 45... Rc2+ 46. Kg3 (46. Kh1 Nf3 47. Rf8+ Ke6 48.
Rxf3 Bg2+ 49. Kg1 Kxd7 $19) 46... Rg2+ 47. Kh4 $2 {We have to be strict with
this courageous move. The white king at the edge of the board is risking very
harsh treatment. For better or worse the last chance for Kramnik was to fool
around with the king in the opposite direction.} (47. Kf4 $1 Ne6+ 48. Kf3 Nxc7
49. Rf8+ Kxf8 50. d8=Q+ Ne8 51. Qh4 Rc2 52. Qxh7 $15) 47... Be6 $3 48. Rf8+ (
48. c8=Q $4 Nf3+ 49. Kh5 Rh2#) 48... Kxf8 $4 {Mamedyarov has suddenly lost
control of his nerves and the situation. Two consecutive great mistake will
cost him the whole point. Maybe even the author could not sensibly explain,
why he refrained from the incomparably more logical move 48...Kg6!} (48... Kg6
$1 49. Rg8+ Kh6 50. Rxg5 Rh2+ 51. Kg3 Bxd7 52. Rg8 Rh3+ 53. Kf2 Ra3 $19) 49.
c8=Q+ Kg7 $2 (49... Kf7 50. Kh5 $3 (50. d8=N+ Kf6 51. Nxe6 Nxe6 52. Qxc4 $14)
50... Bg4+ 51. Kh6 $1 Ne6 52. Qe8+ Kf6 53. d8=Q+ Nxd8 54. Qxd8+ Ke5 55. Qb8+
Kd4 56. Qxa7+ $16) 50. Qb7 $1 {Most players have already experienced the
situation, when the smoke of the battle finally clears and they look with
astonishment at the ruins of their own efforts. It would be understandable if
Shakhriyar had secretly shed a tear in the face of a disaster.} Nf3+ (50...
Rh2+ 51. Kg3 Rh3+ 52. Kf4 Rb3 53. Qxb3 cxb3 54. d8=Q $18) 51. Qxf3 Rh2+ 52. Kg5
h6+ (52... Bxd7 53. Qf6+ Kg8 54. Qd8+ Kg7 55. Qxd7+ $18) 53. Kf4 Rh4+ 54. Ke5 {
The level of complexity in this game has definitely influenced the fact that
both great players failed to play consistently well throughout the battle.} 1-0

[Event "Candidates Tournament"]
[Site "Khanty-Mansiysk"]
[Date "2014.03.22"]
[Round "8"]
[White "Aronian, Levon"]
[Black "Anand, Viswanathan"]
[Result "1/2-1/2"]
[WhiteElo "2830"]
[BlackElo "2770"]
[Annotator "ChessBase Website"]
[PlyCount "37"]
[EventDate "2014.03.13"]
[EventType "tourn"]
[EventRounds "14"]
[EventCountry "RUS"]
[EventCategory "21"]
[SourceTitle "CBM 160"]
[Source "ChessBase"]
[SourceDate "2014.05.15"]
[SourceVersion "1"]
[SourceVersionDate "2014.05.15"]
[SourceQuality "1"]
[TimeControl "40/7200:20/3600:900+30"]
[WhiteClock "0:59:26"]
[BlackClock "0:56:56"]

1. c4 {[%emt 0:00:04]} c6 {[%emt 0:00:06]} 2. Nf3 {[%emt 0:00:05]} d5 {[%emt 0:
00:06]} 3. Qb3 {[%emt 0:00:05] Without a doubt this was a letdown for the
spectators. Aronian quickly went pawn hunting in a very strange opening but as
a result of this his position was completely tied down. Anand didn't have any
good break-through plans but he probably wasn't worried about any plans that
Aronian might have as the Armenian lacked space. An unusual repetition ensued
on move 15 and the game was drawn.} (3. d4 Nf6 4. e3 Bg4 5. Nc3 e6 6. h3 Bh5 7.
g4 Bg6 8. cxd5 Nxd5 9. Ne5 Bb4 10. Bd2 Nd7 11. Nxg6 hxg6 12. a3 Ba5 13. Bg2 g5
14. Qc2 Rc8 15. Rd1 Bc7 16. Ne2 Nf8 17. Qb3 Rb8 18. e4 Nf4 19. Bxf4 Bxf4 20. h4
e5 21. d5 Ng6 22. dxc6 Qa5+ 23. Nc3 O-O 24. cxb7 Qc7 25. Nd5 Qxb7 26. Qxb7 Rxb7
27. b4 gxh4 28. Bf1 Bg5 29. Rh3 Rd8 30. Bc4 Rbb8 31. Rhd3 Rdc8 32. Bb3 Rb7 {
Caruana,F (2782)-Anand,V (2773) Zuerich 2014 1/2-1/2}) 3... d4 $146 {[%emt 0:
05:06]} 4. e3 {[%emt 0:00:20]} c5 {[%emt 0:03:45]} 5. Qb5+ {[%emt 0:00:06]} Nc6
{[%emt 0:00:12]} 6. Qxc5 {[%emt 0:00:05]} e5 {[%emt 0:00:13]} 7. Qb5 {[%emt 0:
00:04]} a6 {[%emt 0:01:58]} 8. Qb3 {[%emt 0:00:05]} Bc5 {[%emt 0:05:07]} 9. d3
{[%emt 0:02:14]} Nf6 {[%emt 0:06:01]} 10. e4 {[%emt 0:01:28]} O-O {[%emt 0:02:
34]} 11. Be2 {[%emt 0:00:12]} Bb4+ {[%emt 0:04:22]} 12. Nbd2 {[%emt 0:12:10]}
a5 {[%emt 0:01:44]} 13. O-O {[%emt 0:09:15]} Nd7 {[%emt 0:02:35]} 14. Qd1 {
[%emt 0:05:19]} Bd6 {[%emt 0:02:39]} 15. Ne1 {[%emt 0:05:12]} Nc5 {[%emt 0:01:
06]} 16. Nb3 {[%emt 0:03:36]} Na6 {[%emt 0:02:41]} 17. Nd2 {[%emt 0:00:58]} Nc5
{[%emt 0:00:11]} 18. Nb3 {[%emt 0:00:05]} Na6 {[%emt 0:00:08]} 19. Nd2 {
[%emt 0:02:39]} 1/2-1/2

[Event "Candidates Tournament"]
[Site "Khanty-Mansiysk"]
[Date "2014.03.22"]
[Round "8"]
[White "Kramnik, Vladimir"]
[Black "Andreikin, Dmitry"]
[Result "1/2-1/2"]
[WhiteElo "2787"]
[BlackElo "2709"]
[Annotator "ChessBase Website"]
[PlyCount "64"]
[EventDate "2014.03.13"]
[EventType "tourn"]
[EventRounds "14"]
[EventCountry "RUS"]
[EventCategory "21"]
[SourceTitle "CBM 160"]
[Source "ChessBase"]
[SourceDate "2014.05.15"]
[SourceVersion "1"]
[SourceVersionDate "2014.05.15"]
[SourceQuality "1"]
[TimeControl "40/7200:20/3600:900+30"]
[WhiteClock "0:59:26"]
[BlackClock "0:56:56"]

1. d4 {[%emt 0:00:03]} d5 {[%emt 0:00:09]} 2. c4 {[%emt 0:00:04]} c6 {[%emt 0:
00:03]} 3. Nf3 {[%emt 0:00:12]} Nf6 {[%emt 0:00:08]} 4. Nc3 {[%emt 0:00:05]} a6
{[%emt 0:00:03]} 5. g3 {[%emt 0:00:17]} b5 {[%emt 0:22:03]} 6. b3 {[%emt 0:04:
50]} Bf5 {[%emt 0:05:56] Andreikin's treatment of the opening was ultra-solid.
His a6 Slav locked up the position quickly, but it made him very passive.
White's control of the c-file and his two bishops was simply not enough for
him to break through as Black lacked weaknesses while White had to contend
with his weak f3 and d4 pawns. Eventually Kramnik sacrificed one of these for
some activity, but it was only enough for a draw.} 7. Bg2 {[%emt 0:00:21]} Ne4
{[%emt 0:01:39]} 8. Nxe4 $146 {[%emt 0:03:21]} (8. Bd2 Nxc3 9. Bxc3 Be4 10. Qd2
e6 11. Ba5 Qd6 12. O-O Nd7 13. cxd5 Qxd5 14. Nh4 Bxg2 15. Nxg2 c5 16. Rad1 cxd4
17. Nf4 Qe4 18. Qxd4 Qxd4 19. Rxd4 Bc5 20. Rd2 Nf6 21. Nd3 Bd6 22. Rc1 O-O 23.
Rc6 Be7 24. Rdc2 h6 25. f3 Rfb8 26. e4 Bd8 27. Bd2 Bb6+ 28. Kf1 Kh7 29. Ke2 Kg8
30. g4 Nd7 31. h4 Bd8 32. Bf4 e5 33. Bxe5 Rb7 34. Rc8 Rxc8 35. Rxc8 {1-0 (35)
Sokolov,I (2657)-Simonian,H (2475) Cento 2011}) 8... Bxe4 {[%emt 0:00:31]} 9.
O-O {[%emt 0:00:25]} Nd7 {[%emt 0:03:15]} 10. Ba3 {[%emt 0:14:45]} g6 {[%emt 0:
08:08]} 11. cxd5 {[%emt 0:10:54]} cxd5 {[%emt 0:01:12]} 12. Qd2 {[%emt 0:05:30]
} Bg7 {[%emt 0:11:18]} 13. Rac1 {[%emt 0:01:15]} O-O {[%emt 0:00:16]} 14. Bh3 {
[%emt 0:01:12]} Bxf3 {[%emt 0:07:34]} 15. exf3 {[%emt 0:09:29]} Re8 {[%emt 0:
00:07]} 16. Rc6 {[%emt 0:06:05]} e6 {[%emt 0:00:12]} 17. Rfc1 {[%emt 0:01:43]}
Qf6 {[%emt 0:04:07]} 18. Rc7 {[%emt 0:02:55]} Nf8 {[%emt 0:03:34]} 19. Bc5 {
[%emt 0:05:38]} Qxf3 {[%emt 0:00:18]} 20. Rc3 {[%emt 0:03:21]} Qh5 {[%emt 0:07:
15]} 21. g4 {[%emt 0:03:57]} Qh4 {[%emt 0:05:31]} 22. Qf4 {[%emt 0:07:50]} f6 {
[%emt 0:05:22]} 23. Be7 {[%emt 0:04:58]} Qg5 {[%emt 0:07:01]} 24. Qg3 {[%emt 0:
06:05]} Qd2 {[%emt 0:00:27]} 25. g5 {[%emt 0:05:13]} Qxg5 {[%emt 0:04:19]} 26.
Qxg5 {[%emt 0:01:11]} fxg5 {[%emt 0:00:06]} 27. Bxg5 {[%emt 0:03:41]} Bxd4 {
[%emt 0:00:33]} 28. R3c6 {[%emt 0:00:50]} a5 {[%emt 0:04:14]} 29. Bh6 {[%emt 0:
02:08]} b4 {[%emt 0:01:36]} 30. Kg2 {[%emt 0:00:42]} a4 {[%emt 0:03:32]} 31.
bxa4 {[%emt 0:01:03]} Rxa4 {[%emt 0:01:19]} 32. Bxf8 {[%emt 0:03:55]} Rxf8 {
[%emt 0:02:33]} 1/2-1/2

[Event "Candidates Tournament"]
[Site "Khanty-Mansiysk"]
[Date "2014.03.22"]
[Round "8"]
[White "Topalov, Veselin"]
[Black "Mamedyarov, Shakhriyar"]
[Result "1/2-1/2"]
[WhiteElo "2785"]
[BlackElo "2757"]
[Annotator "ChessBase Website"]
[PlyCount "64"]
[EventDate "2014.03.13"]
[EventType "tourn"]
[EventRounds "14"]
[EventCountry "RUS"]
[EventCategory "21"]
[SourceTitle "CBM 160"]
[Source "ChessBase"]
[SourceDate "2014.05.15"]
[SourceVersion "1"]
[SourceVersionDate "2014.05.15"]
[SourceQuality "1"]
[TimeControl "40/7200:20/3600:900+30"]
[WhiteClock "0:59:26"]
[BlackClock "0:56:56"]

1. e4 {[%emt 0:00:04]} c5 {[%emt 0:00:05]} 2. Nf3 {[%emt 0:00:04]} d6 {[%emt 0:
00:04]} 3. d4 {[%emt 0:00:06]} cxd4 {[%emt 0:00:04]} 4. Nxd4 {[%emt 0:00:05]}
Nf6 {[%emt 0:00:03]} 5. Nc3 {[%emt 0:00:09]} a6 {[%emt 0:00:05]} 6. h3 {
[%emt 0:00:04]} g6 {[%emt 0:00:17]} 7. g4 {[%emt 0:02:22]} Bg7 {[%emt 0:00:08]}
8. Bg2 {[%emt 0:00:10]} O-O {[%emt 0:00:23]} 9. Be3 {[%emt 0:00:24]} Nc6 {
[%emt 0:00:30]} 10. Qd2 {[%emt 0:03:28]} Bd7 {[%emt 0:02:01]} (10... Nxd4 11.
Bxd4 b5 12. Bxf6 exf6 13. O-O-O Be6 14. f4 Qa5 15. Kb1 f5 16. Nd5 Qxd2 17. Rxd2
fxg4 18. hxg4 Bxg4 19. Ne3 Bd7 20. Rxd6 Ra7 21. e5 Be6 22. Bd5 Re8 23. c4 Bf8
24. c5 h5 25. c6 Rc7 26. Bf3 Kg7 27. Rc1 h4 28. Bg4 Bxg4 29. Nxg4 Rec8 30. Rf6
Be7 31. a3 h3 32. Rc2 Rd8 33. Ka2 Rd3 34. f5 Rg3 35. Rd6 gxf5 36. Nf6 Bxf6 37.
Rxf6 Rg6 38. Rxf5 Rgxc6 39. Rg5+ Kf8 40. Rxc6 {Volokitin,A (2674)-Kotanjian,T 
(2531) Yerevan 2014 0-1}) 11. O-O-O {[%emt 0:09:30]} Rc8 {[%emt 0:15:24]} 12.
f4 {[%emt 0:16:13]} Na5 {[%emt 0:06:16]} 13. b3 {[%emt 0:03:05]} Qc7 {[%emt 0:
00:49]} 14. Nde2 {[%emt 0:04:32]} b5 {[%emt 0:06:50]} 15. Nd5 $146 {[%emt 0:10:
53]} (15. Kb1 Be6 16. Nd5 Bxd5 17. exd5 Nb7 18. Bd4 Nc5 19. Ng3 e5 20. fxe5
dxe5 21. Bb2 Qd6 22. g5 Nfd7 23. h4 Nb6 24. Ne4 Nxe4 25. Bxe4 Nd7 26. h5 Nc5
27. Bf3 Rc7 28. Qh2 Rfc8 29. hxg6 hxg6 30. Bg4 Rb8 31. Rde1 Re7 32. Re3 Ree8
33. Rh3 Kf8 34. Rh7 {1-0 (34) Admiraal,M (2221)-Bosboom,M (2455) Haarlem 2010})
15... Nxd5 {[%emt 0:00:32]} 16. exd5 {[%emt 0:00:05]} Rfe8 {[%emt 0:09:44]} 17.
Rhf1 {[%emt 0:08:20]} e6 {[%emt 0:08:52]} 18. Rf2 {[%emt 0:05:19] An
interesting but short game. A double-edged Najdorf saw the Azeri player
sacrifice a piece for the initiative. Topalov saw nothing better than to
return it to force a queen exchange, but he did gain the slightest bit of
pressure against Black's pawns in the resulting endgame. However Black was
never in any real problems and the game resulted in a draw.} Nc4 {[%emt 0:13:
00][%csl Gc4]} 19. bxc4 {[%emt 0:00:30]} bxc4 {[%emt 0:00:04]} 20. Bd4 {
[%emt 0:16:24]} c3 {[%emt 0:00:26]} 21. Qxc3 {[%emt 0:00:58]} Qxc3 {[%emt 0:02:
09]} 22. Nxc3 {[%emt 0:00:05]} Bxd4 {[%emt 0:03:55]} 23. Rxd4 {[%emt 0:00:05]}
Rxc3 {[%emt 0:00:03]} 24. dxe6 {[%emt 0:01:53]} Rxe6 {[%emt 0:01:06]} 25. Rfd2
{[%emt 0:02:59]} Rg3 {[%emt 0:02:21]} 26. Rxd6 {[%emt 0:07:23]} Rxd6 {[%emt 0:
00:16]} 27. Rxd6 {[%emt 0:00:07]} Bxg4 {[%emt 0:00:14]} 28. hxg4 {[%emt 0:00:
12]} Rxg2 {[%emt 0:00:09]} 29. g5 {[%emt 0:00:16]} Rf2 {[%emt 0:00:59]} 30. Rd4
{[%emt 0:03:21]} f6 {[%emt 0:02:43]} 31. a4 {[%emt 0:04:54]} fxg5 {[%emt 0:00:
57]} 32. fxg5 {[%emt 0:00:03]} Rf5 {[%emt 0:00:13]} 1/2-1/2